书目信息 |
| 题名: |
习近平新时代中国特色社会主义思想学习问答
|
|
| 作者: | ;中共中央宣传部 编 | |
| 分册: | ||
| 出版信息: | 北京 学习出版社 2021.02 |
|
| 页数: | 460页 | |
| 开本: | 24cm | |
| 丛书名: | ||
| 单 册: | ||
| 中图分类: | D610 | |
| 科图分类: | ||
| 主题词: | 政治--中国 | |
| 电子资源: | ||
| ISBN: | 978-7-5147-1029-8 | |
| 000 | 00688nam0 2200193 45 | |
| 001 | 2535401842 | |
| 005 | 20250319095119.35 | |
| 010 | @a978-7-5147-1029-8@dCNY29.00 | |
| 100 | @a20210512d2021 km y0chiy0120 ea | |
| 101 | 0 | @achi |
| 200 | 1 | @a习近平新时代中国特色社会主义思想学习问答@Axi jin ping xin shi dai zhong guo te se she hui zhu yi si xiang xue xi wen da@f中共中央宣传部编@Fzhong gong zhong yang xuan chuan bu bian |
| 210 | @a北京@c学习出版社@d2021.02 | |
| 215 | @a460页@d24cm | |
| 503 | @n河南城建学院图书馆 | |
| 606 | 0 | @a政治@x中国 |
| 690 | @aD610@v4 | |
| 711 | 02 | @a中共中央宣传部@Azhong gong zhong yang xuan chuan bu@4编 |
| 801 | 0 | @aCN@bPFT@c20210512 |
| 905 | @a10447@dD610@eZ547 | |
| 习近平新时代中国特色社会主义思想学习问答/中共中央宣传部编.-北京:学习出版社,2021.02 |
| 460页;24cm |
| ISBN 978-7-5147-1029-8:CNY29.00 |
| ● |
| 相关链接 |
|
|
|
正题名:习近平新时代中国特色社会主义思想学习问答
索取号:D610/Z547
 
预约/预借
| 序号 | 登录号 | 条形码 | 馆藏地/架位号 | 状态 | 备注 |
| 1 | 1554800 | 215548003 | 社科库509/509社科库 72排2列5层/ [索取号:D610/Z547] | 在馆 |